000 01389nam a2200385 c 4500
001 59779
003 CO-BoRNBP
005 20251105155842.0
007 ta
008 210804s20152018sp a gr 000 0 spa d
020 _a9788417254117
040 _aCO-BoRNBP
_bspa
_erda
_cCO-BoRNBP
041 0 _aspa
043 _as-ck---
082 0 4 _a540.1
_bT76c
_223
100 _aTro, Nivaldo J.
_eaut
_966609
245 1 0 _a50 conceptos elementales de la química para entender la materia /
_cTro Nivaldo ; colaboradores Jeff C. Bryan [y otros cinco] ; ilustrador Steve Rawlings ; traducción Alfonso Rodríguez Arias.
250 _aPrimera edición
264 1 _aBarcelona, España :
_bBlume,
_c2018
300 _a160 páginas :
_bilustraciones y fotografías a color
336 _atexto
_btxt
_2rdacontent
337 _asin mediación
_bn
_2rdamedia
338 _avolumen
_bnc
_2rdacarrier
490 0 _aGuía breve
521 _aRecomendado para un público mayor de 15 años
534 _t30-Second Chemistry
545 _aIncluye datos biográficos del autor en la contracarátula
650 0 7 _aCientíficos
_vTeorías
_2lemb
_966610
650 0 7 _aQuímica inorgánica
_2lemb
650 0 7 _aQuímica orgánica
_2lemb
_916925
650 0 7 _aQuimica
_vTeorías
_2LEMB
_966611
700 _aRawlings, Steve
_eill
_966612
700 _aRodríguez Arias, Alfonso
_etrl
_965345
942 _2ddc
_cBK
999 _c59779
_d59779